00313nam a2200121Ia 4500008004100000041000800041082001400049100001800063245003900081260002700120300003200147365001200179240624s9999 xx 000 0 und d aeng a519.5 DOD aDODGE YADOLAH aCONCISE ENCYCLOPEDIA OF STATISTICS c2008aLondonbSpringer aviii, : 616 : p. : cm. ; 23 cERUb30